01371nac a22002651u 4500006001900000008004100019082002000060100002300080240001500103245012000118246003700238260005600275300004300331500006900374500006500443505017500508511011200683650002400795700005500819700003600874700002800910942002500938999001500963952012700978a|||||s|||| 000 0 100519t xxu||||| |||| 00| 0 eng d a787.87222bEVA aEvans, Bill914156 aSelections aTime Rememberd: bJohn McLaughlin plays Bill Evans /cJohn McLaughlin, Bill Evans, Aighetta Quartet and Yan Maresz  aJohn McLaughlin plays Bill Evans aNew York:bPolydor/PolyGram S.A. France, 1993c1993 a1 sound disc : bdigital ; c4 3/4 in. aAll compositions by Bill Evans, except Homage by John McLaughlin aRecorded at Regson Studio, Milan, Italy, Mar. 25-28, 1993  aPrologue -- Very early -- Only child -- Waltz for Debby -- Homage -- My bells -- Time remembered -- Song for Helen -- Turn out the stars -- We will meet again -- Epilogue aJohn McLaughlin, acoustic guitar ; Aighetta Quartet, acoustic guitars ; Yan Maresz, acoustic bass guitar  aGuitar music914163 914154aMclaughlin, John d1942-eprf  914165aAighetta Quarteteprf  914164aMaresz, Yaneprf cCDRk787.87 EVA2ddc c4993d4993 00102ddc4070aMAINbMAINc2NDd2007-10-18ePurchasel1o787.87 EVAp000005824r2022-08-24 00:00:00s2011-07-21yCDVDSOU